Fabricació de conserves vegetals / per Ramon Sala
Descripción Física:
105 p. : il. ; 24 cm
Colección:
Textos d'ensenyament postal agrícola
MARC
| LEADER | 00000nam a2200000Ia 4500 | ||
|---|---|---|---|
| 001 | 395 | ||
| 008 | 160829s1924 xx 000 0 cat d | ||
| 710 | 2 | |a Catalunya. |b Mancomunitat |9 53015 | |
| 710 | 1 | |a Catalunya. |b Departament d'Agricultura |9 55594 | |
| 710 | 2 | |a Escola Superior d'Agricultura de Barcelona |9 70055 | |
| 952 | |0 0 |1 0 |4 0 |6 C1455 |7 1 |9 46109 |a Arxiu |b Arxiu |d 2016-12-01 |l 0 |o C-1-455 |p 395 |r 2016-12-01 00:00:00 |w 2016-12-01 |y ARXIU | ||
| 999 | |c 49611 |d 49611 | ||
| 080 | |a C-1-455 | ||
| 100 | |a Sala, Ramon |9 22810 | ||
| 245 | |a Fabricació de conserves vegetals / per Ramon Sala | ||
| 260 | |a Barcelona : |b Escola Superior d'Agricultura, |c 1924 | ||
| 300 | |a 105 p. : |b il. ; |c 24 cm | ||
| 490 | |a Textos d'ensenyament postal agrícola | ||
| 590 | |a A la part superior de la portada: Mancomunitat de Catalunya. Departament d'Agricultura. | ||
| 590 | |a Hi ha un duplicat a: DUP-248 | ||
| 650 | |a Conserves alimentàries |9 32809 | ||
| 650 | |a Indústria conservera |9 32810 | ||
| 901 | |a Arxiu | ||
| 942 | |n 1 |2 udc | ||